000 00564nam a22001697a 4500
008 160727b xxu||||| |||| 00| 0 eng d
020 _a978-0-7817-5370-8
082 _22006
_aDC 615.58
_bK14f
100 _912006
_aKarch, Amy M.
245 _aFocus on nursing pharmacology/
_cAmy M. Karch.
250 _a3rd edition
260 _aPhiladelphia:
_bLippincott Williams & Wilkins,
_cc2006.
300 _axviii, 974 pages:
_billustrations;
_c28 cm.
500 _aIncludes bibliographical references and index.
650 0 _912007
_aPharmacology
942 _2ddc
_cDC
999 _c3608
_d3608